Capitales de Países Cuyos Nombres Comienzan por... - Estadísticas

Estadísticas generales
  • Esta prueba ha sido intentada 108 veces
    70 desde el último reinicio
  • La puntuación promedio es 11 de 25
Estadísticas de respuestas
Letra Capital % Correcto
E (A, A, A, B, E, L, M, Q, S, T, W) Madrid
70%
K (B, N, N, C, P, T) Ciudad de Kuwait
62%
K (B, N, N, C, P, T) Nairobi
55%
N (A, K, M, N, O, W, W, Y) Oslo
55%
E (A, A, A, B, E, L, M, Q, S, T, W) Quito
55%
E (A, A, A, B, E, L, M, Q, S, T, W) Tallin
53%
N (A, K, M, N, O, W, W, Y) Katmandú
49%
E (A, A, A, B, E, L, M, Q, S, T, W) Washington D.C
49%
N (A, K, M, N, O, W, W, Y) Wellington
47%
E (A, A, A, B, E, L, M, Q, S, T, W) Bratislava
45%
E (A, A, A, B, E, L, M, Q, S, T, W) El Cairo
43%
E (A, A, A, B, E, L, M, Q, S, T, W) Liubliana
43%
N (A, K, M, N, O, W, W, Y) Managua
43%
K (B, N, N, C, P, T) Nursultán
43%
K (B, N, N, C, P, T) Pristina
43%
E (A, A, A, B, E, L, M, Q, S, T, W) San Salvador
43%
E (A, A, A, B, E, L, M, Q, S, T, W) Asmara
40%
N (A, K, M, N, O, W, W, Y) Niamey
40%
N (A, K, M, N, O, W, W, Y) Abuya
36%
E (A, A, A, B, E, L, M, Q, S, T, W) Adís Abeba
34%
K (B, N, N, C, P, T,) Biskek
34%
N (A, K, M, N, O, W, W Y) Windhoek
34%
E (A, A, A, B, E, L, M, Q, S, T, W) Abu Dabi
30%
N (A, K, M, N, O, W, W, Y) Yaren
28%
K (B, N, N, C, P, T) Tarawa
23%
No se encontraron pruebas coincidentes
Distribución de puntuación
Porcentaje de gente con cada puntuación
Porcentaje por número respondido
Historial de tus puntuaciones
No has intentado esta prueba desde el último reinicio